|
|
|
|
| LEADER |
00963nam a2200277 a 4500 |
| 001 |
3 |
| 003 |
BD-DhAAL |
| 005 |
20150413145021.0 |
| 008 |
150413s1986 mnu 001 0 eng |
| 010 |
|
|
|a 86005464
|
| 020 |
|
|
|a 031496360X (pbk.) :
|c $9.95
|
| 040 |
|
|
|a DLC
|c DLC
|d DLC
|d BD-DhAAL
|
| 050 |
0 |
0 |
|a KF505.Z9
|b K7 1986
|
| 082 |
0 |
0 |
|a 346.7301/5
|a 347.30615
|2 19
|
| 100 |
1 |
|
|a Krause, Harry D.,
|d 1932-
|9 10338
|
| 245 |
1 |
0 |
|a Family law in a nutshell /
|c by Harry D. Krause.
|
| 250 |
|
|
|a 2nd ed.
|
| 260 |
|
|
|a St. Paul, Minn. :
|b West Pub. Co.,
|c 1986.
|
| 300 |
|
|
|a lvii, 444 p. ;
|c 19 cm.
|
| 440 |
|
0 |
|a Nutshell series
|9 10339
|
| 500 |
|
|
|a Includes index.
|
| 541 |
|
|
|e 3
|
| 650 |
|
0 |
|a Domestic relations
|z United States.
|9 10340
|
| 942 |
|
|
|2 ddc
|c BK
|
| 999 |
|
|
|c 34216
|d 34216
|
| 952 |
|
|
|0 0
|1 0
|2 ddc
|4 0
|6 346_730100000000000_5_KRA
|7 0
|9 53423
|a SCL
|b SCL
|c GEN
|d 2015-04-13
|e Gift: The Asia Foundation
|g 22.00
|l 1
|o 346.73015 KRA
|p 3020000003
|r 2022-11-14
|s 2022-11-05
|t 1
|w 2015-04-13
|y BK
|